00698nam a2200205Ia 450000100060000000800390000602000180004508200120006324500670007525000120014226000450015430000180019965300200021765300270023765300170026470000310028194200120031295201510032499900170047557771140626n2009 ii |||gr||||Z||||||346 a81-7293-570-6 a891.443 0aGalpa Samagra :bVol- V /cAshapurna Devi .hTextual Documents aIst ed. aCalcuttabMitra & Ghosh publishersc2009 a399pg:c23cm. aBengali Fiction aBengali- Short stories aRef- Bengali aDevi, Ashapurna ,eAuthor. 2ddccBK 001040708General aSKBLbSKBLcRef- Bengalid2014-06-26f00000g150.00l0o891.443 De 497 Gap2841/Bengr2024-01-14 00:00:00t1w2014-06-26yBK c57675d57675